000 00613nam a22001817a 4500
999 _c83156
_d83156
005 20220706112354.0
010 _aENG-109615
020 _c130.00
035 _aEN-93148
037 _bDBAD/PUB
100 _aKumaresan, V.
245 _aAnatomy, embryology, physiology and biotechnology /
_cby V. Kumaresan [and] Annie Ragland
260 _bSaras Publication
_c2013
_aKanyakumari
270 _bKanyakumari
_e629002
_a114/35G, A. R. P. Camp Road, Periavilai, Kottar P. O., Nagercoil
300 _axii,434p. :
_c18cm(pbk)
_bill
700 _aRagland, Annie
942 _2ddc
_cEN
_mKUM
_h660.6